Premiers buteurs en Coupe du Monde - 1998-2022 - Statistiques

Statistiques générales
  • Ce quiz a été pris 71 fois
    38 depuis la dernière actualisation
  • Le résultat moyen est 3 sur 7
Statistiques - réponses
Édition Buteur % Correct
2022 Enner Valencia
83%
2014 (csc) Marcelo
54%
2006 Philipp Lahm
49%
2010 Siphiwe Tshabalala
37%
1998 César Sampaio
34%
2002 Papa Bouba Diop
29%
2018 Iouri Gazinski
20%
Aucun quiz correspondant
Distribution des résultats
% des personnes avec chaque résultat
Percentile par nombre de réponses
Votre historique - résultats
Vous n’avez pas pris ce quiz depuis la dernière actualisation